Obálka Náhled e-knihy:
PDF
Pro půjčování e-knih musíte být přihlášeni.
Jak si půjčit online?

K porodu bez obav /

Praktická příručka provází budoucí maminky těhotenstvím, porodem a šestinedělím.

Uloženo v:
Hlavní autor: Čermáková, Blanka, 1958- (Autor)
Médium: E-kniha
Jazyk:Czech
Vydáno: V Brně : CPress, 2023
Vydání:Druhé rozšířené vydání
Témata:
Tagy:
Žádné tagy
LEADER 02382nam a2200457 i 4500
001 312206
003 CZ PrSKC
005 20260601215718.0
007 ta
008 231006s2023 xr a e f 000 0 cze
015 |a cnb003551676 
020 |a 9788026449744  |q (brožováno) :  |c Kč 349,00 
035 |a (OCoLC)1408815847 
040 |a BOA001  |b cze  |d ABA001  |e rda 
072 7 |a 618  |x Gynekologie. Porodnictví  |2 Konspekt 
080 |a 618.2/.3  |2 MRF 
080 |a 618.4/.5  |2 MRF 
080 |a (035)  |2 MRF 
100 1 |a Čermáková, Blanka,  |d 1958-  |7 xx0076391  |4 aut 
245 1 0 |a K porodu bez obav /  |c Blanka Čermáková 
250 |a Druhé rozšířené vydání 
264 1 |a V Brně :  |b CPress,  |c 2023 
300 |a 231 stran :  |b ilustrace ;  |c 21 cm 
336 |a text  |b txt  |2 rdacontent 
337 |a bez média  |b n  |2 rdamedia 
338 |a svazek  |b nc  |2 rdacarrier 
500 |a Obálkový podnázev: rady zkušené porodní asistentky prověřené mnoha ženami 
504 |a Obsahuje bibliografii 
520 2 |a Praktická příručka provází budoucí maminky těhotenstvím, porodem a šestinedělím.  |b Srozumitelně připravuje maminky na vše, co budou prožívat a potřebovat během těhotenství a porodu. Dočtou se o fyzických a psychických změnách během těhotenství, o vhodných cvicích, relaxačních a dechových technikách, které usnadňují těhotenství a porod, i o správné životosprávě v tomto období. Další kapitoly upozorňují na výhody a nevýhody jednotlivých způsobů porodů, popisují vybavení porodního sálu a provázejí jednotlivými porodními dobami. Kniha připravuje budoucí maminky i na šestinedělí. 
650 0 7 |a těhotenství  |7 ph126830  |2 czenas 
650 0 7 |a porod  |7 ph124364  |2 czenas 
650 0 9 |a pregnancy  |2 eczenas 
650 0 9 |a childbirth  |2 eczenas 
655 7 |a příručky  |7 fd133209  |2 czenas 
655 9 |a handbooks and manuals  |2 eczenas 
900 |a ABA001  |b 19 
928 9 |a Albatros Media - CPress 
044 |a xr 
910 |a RBIT002 
998 |d 392178  |a https://core.palmknihy.cz/api/books/392178/cover?s4kkrd  |b https://core.palmknihy.cz/api/books/392178/cover/400?s4kkrd  |c https://core.palmknihy.cz/api/books/392178/cover/50?s4kkrd  |e 2033-12-31  |g 232  |i 9788026449744  |k https://core.palmknihy.cz/api/books/392178/preview.pdf  |l   |q 49  |r 1  |s https://www.palmknihy.cz/kniha/392178  |t ebook  |y 2023  |z 0 
999 |d 312204